01189 a2200181 45000010006000000050017000060080041000230030015000640400040000790800109001192450039002282640029002673000019002965050637003150410008009521000020009607000027009805562620260407155829.0260407a1969 arg spa dAR-UNSa-BCEJYS aAR-UNSa-BCEJYSbspacAR-UNSa-BCEJYS a339.9xEconomía internacional en general. Relaciones económicas internacionales. Economía mundial 10aProblemas de la economía mundial 1aBarcelona :bLaborc1969 a185 p.c19 cm. a1. Población y recursos humanos - 2. Los productos alimenticios y los excedentes agrícolas en Occidente - 3. Los minerales en el futuro – 4. La energía en la década de 1970 – 5. La industrialización manufacturera: un nuevo modelo en Occidente 7 – 8. Agrupaciones regionales – 9. La planificación económica en Gran Bretaña – 10. La planificación económica en Europa Occidental – 11. Las economías de planificación central – 12. Planificación y recursos en los países de vías de desarrollo – 13. La Commonwealth: ¿evolución o decadencia? - 14. Conclusión: el contexto del futuro.  aspa1 aBailey, Richard1 aMartínez Pujana, Ana